000 02656cam a2200409 a 4500
001 14689471
003 OSt
005 20180116183013.0
008 070109s2007 enka b 001 0 eng
010 _a 2007000731
015 _aGBA710574
_2bnb
016 7 _a013661388
_2Uk
020 _a9781845423063 (hardback)
020 _a1845423062 (hardback)
035 _a(OCoLC)77716870
035 _a(OCoLC)ocm77716870
040 _aDLC
_cDLC
_dUKM
_dBTCTA
_dBAKER
_dBWKUK
_dYDXCP
_dOCLCA
_dBWK
_dDLC
043 _aa-cc---
050 0 0 _aHD69.S8
_bB866 2007
082 0 0 _a338.870951 CLE 2007
_222
100 _aStewart Clegg
245 0 0 _aBusiness networks and strategic alliances in China /
_cedited by Stewart Clegg, Karen Wang, Mike Berrell.
260 _aCheltenham, UK ;
_aNorthampton, MA :
_bE. Elgar,
_c2007.
300 _axv, 330 p. :
_bill. ;
_c24 cm.
504 _aIncludes bibliographical references and index.
505 0 _aBusiness networks and strategic alliances in China / Stewart Clegg, Karen Wang, & Mike Berrell -- The nature of power, control, trust and risk in international joint ventures / Mike Berrell -- The role of culture in international business relations / Jan Selmer -- Social capital and knowledge transfer between subsidiaries of foreign MNCs and local organizations / Wilhelm Barner-Rasmussen & Ingmar Björkman -- The adoption of agency business activity, product innovation and performance in Chinese technology ventures / Haiyang Li & Kwaku Atuahene-Gima -- Tacit knowledge and inter-firm learning in China / Richard Li-Hua & Jian Peng -- Inter-firm relations in business groups / Lisa A. Keister -- Creating social capital as a competitive (dis)advantage / Heidi Dahles -- The contextual balance of social capital within hierarchical relations in China / Karen Wang -- Human capital, social capital and firm performance in Chinese SMEs / Stephen T.T. Teo & Karen Wang -- Business networks in China / Emanuela Todeva -- Guanxi and ethical business issues in China / Jos Gamble -- Performance in international joint ventures in China / John Child.
650 0 _aBusiness networks
_zChina.
650 0 _aStrategic alliances (Business)
_zChina.
650 0 _aDiffusion of innovations
_xEconomic aspects
_zChina.
700 1 _aClegg, Stewart.
700 1 _aWang, Karen,
_cDr.
700 1 _aBerrell, Mike,
_d1950-
856 4 1 _3Table of contents only
_uhttp://www.loc.gov/catdir/toc/ecip078/2007000731.html
906 _a7
_bcbc
_corignew
_d1
_eecip
_f20
_gy-gencatlg
942 _2ddc
_cBK
999 _c350341
_d350341